000 00483nam a2200181Ia 4500
008 240925s9999 xx 000 0 und d
020 _a70212910
082 _a621.314 FLA
100 _aFlamagan, William M.
245 0 _aHandbook of Transformer Design and Applications
250 _a2nd
260 _aNew York:
_bMcGraw-Hill
_c,1992.
300 _axiv,496p.
_bNA
_fOriginal
500 _aIncludes Index
600 _aElectrical Engineering
650 _aTechnology
942 _cBK
999 _c3020
_d3020